| 000 | 00637nam a2200193 4500 | ||
|---|---|---|---|
| 003 | OSt | ||
| 005 | 20221116151138.0 | ||
| 008 | 221111b |||||||| |||| 00| 0 eng d | ||
| 040 | _cBiblioteca Lado V | ||
| 082 |
_a750 _bM986b |
||
| 110 |
_9431 _aMuseo de Arte Contemporáneo de Puerto Rico _eautor |
||
| 245 | _aBocaraca/ | ||
| 260 |
_c2006 _aPuerto Rico |
||
| 300 |
_a36p. _c23x28cm |
||
| 650 |
_2Tesauro de Arte & Arquitectura _aARTE CONTEMPORANEO |
||
| 650 |
_2Tesauro de Arte & Arquitectura _aGRUPO BOCARACA |
||
| 650 |
_2Tesauro de Arte & Arquitectura _aARTE COSTARRICENSE |
||
| 942 |
_2ddc _c1 _h750 _iM986b _n0 |
||
| 999 |
_c2646 _d2646 |
||